000 00256nam a2200097Ia 4500
001 681380
005 20250826161359.0
008 250824s9999 xx 000 0 und d
245 0 _aARKADAŞ DÜMENİ
_cCHRİSTİNE NÖSTLİNGER
260 _bGÜNIŞIĞI YAYINLARI
999 _c681380
_d681380